All Lion King characters by screen time - Statistics

General Stats
  • This quiz has been taken 26 times
  • The average score is 10 of 13
Answer Stats
% Of Movie Screen Time Answer % Correct
12.73 11:14 Pumbaa
100%
17.49 15:26 Scar
100%
49.71 43:51 Simba
100%
13.28 11:43 Mufasa
96%
15.53 13:42 Nala
96%
14.15 12:29 Timon
96%
10.50 9:16 Zazu
92%
7.86 6:56 Rafiki
84%
5.65 4:59 Ed
76%
5.03 4:26 Sarabi
72%
6.91 6:06 Shenzi
56%
6.99 6:10 Banzai
48%
1.96 1:44 Sarafina
32%
No matching quizzes found
Score Distribution
Percent of People with Each Score
Percentile by Number Answered
Your Score History
You have not taken this quiz